NLSUI OPAC header image

Specific Enforcement of Contract Terms in Indian Law, Guided by Dr. Anupa V Thapliyal (Record no. 31458)

MARC details
000 -LEADER
fixed length control field 00449nam a2200157Ia 4500
008 - FIXED-LENGTH DATA ELEMENTS--GENERAL INFORMATION
fixed length control field 160316s2011 xxu||||| |||| 00| 0 eng d
082 ## - DEWEY DECIMAL CLASSIFICATION NUMBER
Classification number 346.022000
Item number BHA
100 ## - MAIN ENTRY--PERSONAL NAME
Personal name Bhadbhade Nilima
245 ## - TITLE STATEMENT
Title Specific Enforcement of Contract Terms in Indian Law, Guided by Dr. Anupa V Thapliyal
250 ## - EDITION STATEMENT
Edition statement
260 ## - PUBLICATION, DISTRIBUTION, ETC.
Place of publication, distribution, etc. Pune
Name of publisher, distributor, etc. University of Pune
Date of publication, distribution, etc. 2011
300 ## - PHYSICAL DESCRIPTION
Extent 297
Other physical details
Dimensions
365 ## - TRADE PRICE
Price amount
650 ## - SUBJECT ADDED ENTRY--TOPICAL TERM
Topical term or geographic name entry element Special enforcement, Indian law
700 ## - ADDED ENTRY--PERSONAL NAME
Personal name
--
Holdings
Withdrawn status Lost status Damaged status Not for loan Home library Current library Shelving location Date acquired Total Checkouts Full call number Barcode Date last seen Price effective from Koha item type
        . .   30.05.2017   346.022 BHA REP10278 30.05.2017 30.05.2017 Repository